Normal view
MARC view
- عامر ، طارق/ م مشارك ربيع محمد
Entry Personal Name
001 - CONTROL NUMBER
- control field: 26054
003 - CONTROL NUMBER IDENTIFIER
- control field: JO-AjAnu
005 - DATE AND TIME OF LATEST TRANSACTION
- control field: 20230606074438.0
008 - FIXED-LENGTH DATA ELEMENTS
- fixed length control field: 230606|| aca||aabn | a|a d
040 ## - CATALOGING SOURCE
- Original cataloging agency: JO-AjAnu
- Transcribing agency: JO-AjAnu
100 ## - HEADING--PERSONAL NAME
- Personal name: عامر ، طارق/ م مشارك ربيع محمد
670 ## - SOURCE DATA FOUND
- Source citation: Work cat.: (JO-AjAnu)13392: عامر ، طارق/ م مشارك ربيع محمد , author, تدريب الاطفال ذوي الاضطربات السلوكية